Quiz sur la Nouvelle-Zélande - Statistiques

Statistiques générales
  • Ce quiz a été pris 9 272 fois
  • Le résultat moyen est 12 sur 20
Statistiques - réponses
Question Réponse % Correct
Capitale Wellington
94%
La Nouvelle-Zélande fut le premier pays à accorder le droit de votes aux _____ Femmes
88%
Devise monétaire Dollar
85%
Nom donné à la sélection nationale de rugby All Blacks
80%
Oiseau qui symbolise le pays Kiwi
80%
Trilogie de films réalisée par Peter Jackson, principalement tournée en Nouvelle-Zélande Le Seigneur des anneaux
76%
Territoire français qui est la terre habitée la plus proche de la Nouvelle-Zélande Nouvelle-Calédonie
75%
Plus grande ville de l'île du Nord Auckland
72%
Peuple indigène de la Nouvelle-Zélande Māori
69%
Principale chaîne de montagnes, dont le nom rappelle un massif notamment situé en France {Alpes} du Sud
68%
Pays dans lequel se trouve la Zélande, à laquelle la Nouvelle-Zélande doit son nom Pays-Bas
63%
Roi de la Nouvelle-Zélande, de jure Charles III
58%
Autres États semi-indépendants du Royaume de Nouvelle-Zélande Îles {Cook}
54%
Acteur néozélandais qui a notamment joué dans L.A. Confidential et dans Gladiator Russell {Crowe}
53%
La population de cet animal s'est élevée jusqu'à 70 million d'individus en 1982 Mouton
52%
Plus grande ville de l'île du Sud Christchurch
37%
Alpiniste néozélandais qui fut le premier à atteindre le sommet du mont Everest Edmund Hillary
17%
Autres États semi-indépendants du Royaume de Nouvelle-Zélande Niue
16%
Premier européen a avoir exploré le pays Abel Tasman
14%
Oiseaux géants en trois lettres, incapables de voler, qui furent exterminés au XVème siècle Moa
14%
Aucun quiz correspondant
Distribution des résultats
% des personnes avec chaque résultat
Percentile par nombre de réponses
Votre historique - résultats
Vous n’avez pas pris ce quiz